000 00208 a2200097 4500
001 15008
100 _aMckie R
245 _aMalaysia in focus
260 _aLondon
_bAngus Robertson
_c
090 _c11763
_d11763
942 _aNUST-CAE
_cM
_c1962
999 _c250081
_d250081